A quel club appartient ce maillot N°1 - Statistiques

Statistiques générales
  • Ce quiz a été pris 534 fois
  • Le résultat moyen est 7 sur 10
Statistiques - réponses
Par images Réponse % Correct
Liverpool
98%
PSG
97%
Atlético de Madrid
89%
Arsenal
86%
Leipzig
82%
Juventus
75%
Tottenham
62%
Milan
57%
Roma
52%
Nimes
32%
Aucun quiz correspondant
Distribution des résultats
% des personnes avec chaque résultat
Percentile par nombre de réponses
Votre historique - résultats
Vous n’avez pas pris ce quiz